Keeping funding flowing (Record no. 73898)

MARC details
000 -LEADER
fixed length control field 01162cam a2200217 4500
001 - CONTROL NUMBER
control field ABS67289
008 - FIXED-LENGTH DATA ELEMENTS--GENERAL INFORMATION
fixed length control field 031128n 000 0 eng u
035 ## - SYSTEM CONTROL NUMBER
System control number (Sirsi) u124522
100 ## - MAIN ENTRY--PERSONAL NAME
Personal name Loney, L.
245 ## - TITLE STATEMENT
Title Keeping funding flowing
490 ## - SERIES STATEMENT
Series statement Regeneration and Renewal
Volume/sequential designation 21 November 2003, 22-23(2)
520 ## - SUMMARY, ETC.
Summary, etc. Recognises the problems of retaining income in deprived areas. Looks at a range of initiatives aimed at generating income for local communities including one-stop-advice shops such as Community Links in East London, the Castle Vale Housing Action Trust's management of a local shopping centre development and its close partnership with Sainsbury's, and the Paddington Regeneration Partnership's creation of the Paddington Business Network aimed at encouraging local businesses to work closely together. Co-operation between businesses, public services and residents is the key for regenerating local communities.
590 ## - LOCAL NOTE (RLIN)
Local note ABS
650 ## - SUBJECT ADDED ENTRY--TOPICAL TERM
Topical term or geographic name entry element INNER CITIES
650 ## - SUBJECT ADDED ENTRY--TOPICAL TERM
Topical term or geographic name entry element DEPRIVED AREAS
650 ## - SUBJECT ADDED ENTRY--TOPICAL TERM
Topical term or geographic name entry element PRIVATE-PUBLIC PARTNERSHIPS
650 ## - SUBJECT ADDED ENTRY--TOPICAL TERM
Topical term or geographic name entry element ONE-STOP SHOPS
650 ## - SUBJECT ADDED ENTRY--TOPICAL TERM
Topical term or geographic name entry element COMMUNITY INITIATIVES
690 ## - LOCAL SUBJECT ADDED ENTRY--TOPICAL TERM (OCLC, RLIN)
Topical term or geographic name as entry element REGENERATION
942 ## - ADDED ENTRY ELEMENTS (KOHA)
Suppress in OPAC 0
Holdings
Withdrawn status Lost status Source of classification or shelving scheme Damaged status Not for loan Home library Current library Shelving location Date acquired Total Checkouts Full call number Barcode Date last seen Copy number Price effective from Koha item type
    Dewey Decimal Classification     London London Journal article 28/11/2003   ABS67289 124522-1001 06/08/2019 1 06/08/2019 Journal article